[Event "Porto Alegre op"]
[Site "Porto Alegre"]
[Date "2023.08.27"]
[Round "5"]
[White "Machado, Jonas Roberto"]
[Black "Dos Santos, Eduardo Matte Zanar"]
[Result "0-1"]
[WhiteElo "1420"]
[BlackElo "1636"]
[PlyCount "52"]
[EventDate "2023.08.25"]
[EventType "swiss"]
[EventRounds "5"]
[EventCountry "BRA"]
[SourceTitle "EXT 2024"]
[Source "ChessBase"]
[SourceDate "2023.10.10"]
[SourceVersion "1"]
[SourceVersionDate "2023.10.10"]
[SourceQuality "1"]

1. e4 c5 2. Nf3 e6 3. d4 cxd4 4. Nxd4 Nc6 5. Nc3 a6 6. g3 Qc7 7. Bg2 Nf6 8. Bg5 Be7 9. Qd2 0-0 10. 0-0-0 d6 11. h4 Nxd4 12. Qxd4 Rb8 13. h5 e5 14. Qe3 Be6 15. Qf3 Rfc8 16. Bxf6 Bxf6 17. Rd2 Bg5 18. Bh3 Bxd2+ 19. Kxd2 Bxh3 20. Rxh3 b5 21. b4 Qc4 22. a3 Rb7 23. g4 Rbc7 24. g5 Qd4+ 25. Ke2 Rxc3 26. Qg4 Rxc2+ 0-1

[Event "Porto Alegre op"]
[Site "Porto Alegre"]
[Date "2023.08.26"]
[Round "2"]
[White "Almeida, Joao Pedro Santos"]
[Black "Dos Santos, Eduardo Matte Zanar"]
[Result "1-0"]
[WhiteElo "1886"]
[BlackElo "1636"]
[PlyCount "63"]
[EventDate "2023.08.25"]
[EventType "swiss"]
[EventRounds "5"]
[EventCountry "BRA"]
[SourceTitle "EXT 2024"]
[Source "ChessBase"]
[SourceDate "2023.10.10"]
[SourceVersion "1"]
[SourceVersionDate "2023.10.10"]
[SourceQuality "1"]

1. e4 c5 2. Nf3 e6 3. g3 Nc6 4. Bg2 Qc7 5. Nc3 a6 6. a4 Nf6 7. Qe2 d6 8. d3 Be7 9. Bf4 Nd4 10. Qd2 Nxf3+ 11. Bxf3 0-0 12. 0-0 Bd7 13. Rfe1 Bc6 14. a5 Rfb8 15. Na4 Bxa4 16. Rxa4 Nd7 17. Rb1 Bf6 18. c3 Ne5 19. Bg2 Nc6 20. d4 Nxa5 21. dxc5 e5 22. cxd6 Qd8 23. Be3 b6 24. Qd5 b5 25. Ra2 Nc4 26. Bc5 Rc8 27. Rba1 Rxc5 28. Qxc5 Nxd6 29. Rxa6 Rxa6 30. Rxa6 Nb7 31. Qc6 Qd1+ 32. Bf1 1-0